Générique Clémentine - Paroles - Statistiques

Statistiques générales
  • Ce quiz a été pris 22 fois
  • Le résultat moyen est 11 sur 27
Statistiques - réponses
Paroles % Correct
Clémentine, quand tu fermes les {yeux}
100%
Souvent on voudrait bien être plus {grand}
80%
Et faire le tour du {monde}
75%
Quand on a seulement {dix} ans
70%
Tu devines le {merveilleux}
65%
Et faire le tour du {monde}
60%
Clémentine, prend nous dans ta bulle {bleue}
55%
En s'envolant d'un coup de {vent}
50%
Tout là-bas vers l'{horizon}
50%
Allons ensemble nous {promener}
45%
Et faire le tour du {monde}
40%
Tant pis si c'est {dangereux}
40%
Allons ensemble nous {promener}
35%
Il y a tant d'{amis}
30%
Pour partir en {avion}
30%
Allons ensemble nous {promener}
25%
Clémentine va nous {guider}
25%
Il y a tant d'{amis}
25%
Qu'on a envie de {rencontrer}
25%
Qu'on a envie de {rencontrer}
25%
Sans nous {presser}
25%
Clémentine va nous {guider}
20%
Il y a tant d'{amis}
20%
Qu'on a envie de {rencontrer}
20%
Sans nous {presser}
20%
Sans nous {presser}
20%
Clémentine va nous {guider}
15%
Aucun quiz correspondant
Distribution des résultats
% des personnes avec chaque résultat
Percentile par nombre de réponses
Votre historique - résultats
Vous n’avez pas pris ce quiz